Puranesu sivataratattvam/ (Record no. 36575)

000 -LEADER
fixed length control field 00312nam a22001331a 4500
082 ## - DEWEY DECIMAL CLASSIFICATION NUMBER
Classification number S 294.551 3
Item number MIN/P
100 ## - MAIN ENTRY--AUTHOR NAME
Personal name Minati Rath
245 ## - TITLE STATEMENT
Title Puranesu sivataratattvam/
Statement of responsibility, etc by Minati Rath
260 ## - PUBLICATION, DISTRIBUTION, ETC. (IMPRINT)
Place of publication Puri:
Name of publisher Satarupa Panda,
Year of publication 2008.
300 ## - PHYSICAL DESCRIPTION
Number of Pages 108p.
650 ## - SUBJECT ADDED ENTRY--TOPICAL TERM
Topical Term Saivism
650 ## - SUBJECT ADDED ENTRY--TOPICAL TERM
Topical Term Religion
942 ## - ADDED ENTRY ELEMENTS (KOHA)
Koha item type Book
Holdings
Withdrawn status Lost status Damaged status Not for loan Permanent Location Current Location Date acquired Cost, normal purchase price Full call number Accession Number Cost, replacement price Price effective from Koha item type
        Sree Sankaracharya University of Sanskrit Sree Sankaracharya University of Sanskrit 08.01.2015 99.00 S 294.551 3 MIN/P 059453 0.00 08.01.2015 Book